First quarter rents in Scotland fall 0.1% (Record no. 72705)
[ view plain ]
| 000 -LEADER | |
|---|---|
| fixed length control field | 01073cam a2200217 4500 |
| 001 - CONTROL NUMBER | |
| control field | WB3919-07 |
| 008 - FIXED-LENGTH DATA ELEMENTS--GENERAL INFORMATION | |
| fixed length control field | 030520n2003 000 0 eng u |
| 035 ## - SYSTEM CONTROL NUMBER | |
| System control number | (Sirsi) u122339 |
| 245 ## - TITLE STATEMENT | |
| Title | First quarter rents in Scotland fall 0.1% |
| 260 ## - PUBLICATION, DISTRIBUTION, ETC. | |
| Date of publication, distribution, etc. | 2003 |
| 490 ## - SERIES STATEMENT | |
| Series statement | Estates Gazette |
| Volume/sequential designation | (0320) 17 May 2003, 44(1) |
| 520 ## - SUMMARY, ETC. | |
| Summary, etc. | Rents in Scotland have fallen according to the Insignia Richard Ellis "Scottish quarterly index", although capital value growth shows some sign of recovery. The Scottish office market still outperformed the rest of the UK even though rental value growth weakened; Scotland's industrial sector was also slightly higher than the UK but Scottish retail fell way behind with zero annualised rental growth. The report can be viewed at http://www.insignia-re.com/pdf/SQI%20Q1_April%202003_EMAIL&WEB.pdf. |
| 590 ## - LOCAL NOTE (RLIN) | |
| Local note | WB |
| 650 ## - SUBJECT ADDED ENTRY--TOPICAL TERM | |
| Topical term or geographic name entry element | SCOTLAND |
| 650 ## - SUBJECT ADDED ENTRY--TOPICAL TERM | |
| Topical term or geographic name entry element | RENTAL GROWTH |
| 650 ## - SUBJECT ADDED ENTRY--TOPICAL TERM | |
| Topical term or geographic name entry element | OFFICE SECTOR |
| 650 ## - SUBJECT ADDED ENTRY--TOPICAL TERM | |
| Topical term or geographic name entry element | INDUSTRIAL SECTOR |
| 650 ## - SUBJECT ADDED ENTRY--TOPICAL TERM | |
| Topical term or geographic name entry element | RETAIL SECTOR |
| 690 ## - LOCAL SUBJECT ADDED ENTRY--TOPICAL TERM (OCLC, RLIN) | |
| Topical term or geographic name as entry element | PROPERTY-COMMERCIAL PROPERTY-COMMERCIAL PROPERTY MARKET |
| 942 ## - ADDED ENTRY ELEMENTS (KOHA) | |
| Suppress in OPAC | 0 |
| Withdrawn status | Lost status | Source of classification or shelving scheme | Damaged status | Not for loan | Home library | Current library | Shelving location | Date acquired | Total Checkouts | Full call number | Barcode | Date last seen | Copy number | Price effective from | Koha item type |
|---|---|---|---|---|---|---|---|---|---|---|---|---|---|---|---|
| Dewey Decimal Classification | London | London | News article | 20/05/2003 | WB3919-07 | 122339-1001 | 06/08/2019 | 1 | 06/08/2019 | News article |